000 00687nam a2200241 i 4500
001 000047665
003 DO-SdBNP
005 20241130074013.0
007 ta
008 180716s1999 dr r 000 0 spa d
040 _aDO-SdBNP
_bspa
_cBNPHU
_erda
082 4 _bP438s
_222
100 1 _aPérez, Odalís
_d1952-
_923828
245 1 0 _aSemiotica de la prensa /
_cOdalís G. Pérez.
264 _aSanto Domingo :
_bUASD,
_c1999.
300 _a40 páginas ;
_c22 cm.
336 _2rdacontent
_atexto
_btxt
337 _2rdamedia
_asin mediación
_bn
338 _2rdacarrier
_avolumen
_bnc
490 0 _aCuaderno de comunicación
_v13
590 _aInventariado, 2018/BT
942 _2ddc
_cLF2
999 _c47153
_d47153